000 00823nam a2200289Ia 4500
003 OSt
005 20221006144156.0
006 a|||||r|||| 00| 0
007 ta
008 221006b |||||||| |||| 00| 0 eng d
020 _a9024730570
_c423.30
024 _a11,061
037 _cTextual
040 _aEASL
_cEASL
_beng
041 _2eng
_aeng
082 _aR841.N8, M2
100 _aADELMANN, SJ Frederick J Ed.
_9651047
245 0 _aContemporary Chinese philosophy
260 _aLondon
_bMartinus Nijhoff Pub
_c1982
300 _a219p.
_ccm.
490 _v CEL
650 _a CEL
650 _a Communism -- China -- Adresses essay lectures
_9651048
650 _aPhilosophy chinese
_9425553
942 _hR841.N8, M2
_cTEXL
_2CC
999 _c1079147
_d1079147